Players who have left the Premier League Quiz Stats

 Plays Quiz not verified by Sporcle

Challenge
Share
Tweet
Embed
Score 0/33 Timer 10:00
0 Plays Today
Player and Former Club Current Club % Correct
Ricardo Carvalho (Chelsea)Real Madrid
94.7%
Javier Mascherano (Liverpool)Barcelona
94.7%
Craig Bellamy (Man City) (L)Cardiff City
89.5%
Robinho (Man City)AC Milan
85.5%
Adel Taarabt (Tottenham)Queens Park Rangers
80.3%
Alberto Aquilani (Liverpool) (L)Juventus
76.3%
James Beattie (Stoke)Rangers
75%
Scott Sinclair (Chelsea)Swansea City
69.7%
Michael Ballack (Chelsea)Bayer Leverkusen
69.7%
Eduardo (Arsenal)Shakthar Donetsk
65.8%
Zurab Khizanishvili (Blackburn) (L)Reading
55.3%
Wifred Bouma (Aston Villa)PSV Eindhoven
53.9%
Jason Scotland (Wigan)Ipswich Town
53.9%
John Ruddy (Everton)Norwich City
47.4%
Dave Kitson (Stoke)Portsmouth
47.4%
Leon Barnett (West Brom) (L)Norwich City
47.4%
Mikael Silvestre (Arsenal)Werder Bremen
44.7%
Player and Former Club Current Club % Correct
Robert Koren (West Brom)Hull City
44.7%
Lorik Cana (Sunderland)Galatasaray
40.8%
Martyn Waghorn (Sunderland)Leicester City
40.8%
Gary McSheffrey (Birmingham)Coventry City
39.5%
Javier Garrido (Man City)Lazio
35.5%
Ryan Bertrand (Chelsea) (L)Nottingham Forest
30.3%
Thomas Cywka (Wigan)Derby County
30.3%
Steve Simonsen (Stoke)Sheffield United
28.9%
Zoran Tosic (Man Utd)CSKA Moscow
27.6%
Josh King (Man Utd) (L)Preston North End
26.3%
Albert Riera (Liverpool)Olympiakos
25%
Miroslav Stoch (Chelsea)Fenerbahce
21.1%
Alessandro Diamanti (West Ham)Brescia
19.7%
Nicky Hunt (Bolton)Bristol City
17.1%
Bondz N'Gala (West Ham) (L)Plymouth Argyle
9.2%
Ben Burgess (Blackpool)Notts County
7.9%

You're not logged in!

Compare scores with friends on all Sporcle quizzes.
Join for Free
OR
Log In

You Might Also Like...

Show Comments

Extras

Top Quizzes Today


Score Distribution

Your Account Isn't Verified!

In order to create a playlist on Sporcle, you need to verify the email address you used during registration. Go to your Sporcle Settings to finish the process.

Report this User

Report this user for behavior that violates our Community Guidelines.

Details: